000 00632cam a22002053a 4500
001 44443
003 PGUSA
005 20140828084020.0
008 131216s2013||||xxu|||||s|||||000 | eng d
040 _aPGUSA
_beng
042 _adc
100 1 _aBarnard, Henry
245 1 0 _aMilitary schools and courses of instruction in the science and art of war :
_b(Revised Edition)
_h[electronic resource] /
_cHenry Barnard
260 _bProject Gutenberg,
_c2013
506 _aPublic domain in the USA.
516 _aElectronic text
830 0 _aProject Gutenberg
_v44443
856 4 0 _uhttp://www.gutenberg.org/ebooks/44443
942 _cEB
999 _c273694
_d273694